Fostering economic policy coordination in Latin America : (Registro nro. 8504)

Detalles MARC
000 -LEADER
fixed length control field 01537nam a2200265Ia 4500
003 - CONTROL NUMBER IDENTIFIER
control field OSt
005 - DATE AND TIME OF LATEST TRANSACTION
control field 20210907160453.0
008 - FIXED-LENGTH DATA ELEMENTS--GENERAL INFORMATION
fixed length control field 210310s2005 cl fr 000 0 eng d
020 ## - INTERNATIONAL STANDARD BOOK NUMBER
International Standard Book Number 9211215447
040 ## - CATALOGING SOURCE
Original cataloging agency CO-JMCR
Transcribing agency CO-JMCR
041 0# - LANGUAGE CODE
Language code of text/sound track or separate title eng
082 04 - DEWEY DECIMAL CLASSIFICATION NUMBER
Classification number 339.5 /
Item number G427f
Edition number 23
100 1# - MAIN ENTRY--PERSONAL NAME
Personal name Ghymers, Christian,
9 (RLIN) 17463
Relator term autor
245 10 - TITLE STATEMENT
Title Fostering economic policy coordination in Latin America :
Remainder of title the redima approach to escaping the prisoner´s dilemma /
Statement of responsibility, etc. Christian Ghymers
260 ## - PUBLICATION, DISTRIBUTION, ETC.
Place of publication, distribution, etc. Santiago de Chile :
Name of publisher, distributor, etc. ECLAC,
Date of publication, distribution, etc. 2005
300 ## - PHYSICAL DESCRIPTION
Extent 162 páginas :
Other physical details ilustraciones y gráficas a blanco y negro ;
Dimensions 23 cm.
490 0# - SERIES STATEMENT
Series statement Libros Cepal ;
Volume/sequential designation 82
500 ## - GENERAL NOTE
General note Incluye notas a pie de página.
504 ## - BIBLIOGRAPHY, ETC. NOTE
Bibliography, etc. note Bibliografía: páginas: 161-162
505 0# - FORMATTED CONTENTS NOTE
Formatted contents note "The remains of the Day ", in terms of theory -- "Gone with the Wind" in attempts at international coordination -- History of the emergence of the European monetary pole through economic policy coordination -- General philosofhy of the European coordination model -- General principles derived from coordination experiences -- Applicability to Latin America: yhe REDIMA approach --Three major obstacles to regional macroeconomics -- Some key guidelines for escaping the prisioner´s dilema -- Operational conclusions: applying the cooperative -- The REDIMA I experiment (2000-2003
650 14 - SUBJECT ADDED ENTRY--TOPICAL TERM
Topical term or geographic name entry element Macroeconomía
9 (RLIN) 17465
Geographic subdivision América Latina
650 24 - SUBJECT ADDED ENTRY--TOPICAL TERM
Topical term or geographic name entry element Economía regional
Geographic subdivision América Latina
9 (RLIN) 40118
650 24 - SUBJECT ADDED ENTRY--TOPICAL TERM
Topical term or geographic name entry element Política económica
Geographic subdivision América Latina
9 (RLIN) 6784
942 ## - ADDED ENTRY ELEMENTS (KOHA)
Source of classification or shelving scheme Dewey Decimal Classification
Koha item type Books
Existencias
Withdrawn status Lost status Source of classification or shelving scheme Damaged status Not for loan Collection code Home library Current library Date acquired Source of acquisition Full call number Barcode Date last seen Copy number Koha item type
    Dewey Decimal Classification     Non-fiction Biblioteca Pública José María del Castillo y Rada Biblioteca Pública José María del Castillo y Rada 04/15/2018 Donación 339.5 / G427f 430006196 05/16/2024 Ej.1 Books